000 00335nam a2200145Ia 4500
008 150201s2004 xx 000 0 und d
082 _a617
_bO4G
100 _aGARDNER, T.J.
245 _aOPERATIVE CARDIAC SURGERY
250 _a5TH
260 _bARNOLD PUB.
_aLONDON
_c2004
300 _a1-920
650 _aSURGERY
942 _2ddc
_cBK
999 _c1309
_d1309